00539nam a2200193 a 4500001001300000003000900013005001700022008004100039020002500080082001500105100002200120245006100142260003200203300000900235500003500244505002400279650002000303700002200323nice12345678IN_TiNIC20260116015000.0050524s1982 bosa grp 000 0 eng  a082983X c319.700a261.8bBRU aBruggeman, Walter aLiving Towards a Visionb Biblical Reflections on Shalom aBostonbPilgrim Pressc1982 a201p aincludes index and biblioraphy2 aBibliography, Index aTheology-Social1 aBruggeman, Walter